|
|
|
|
| LEADER |
00732nab a2200193 i 4500 |
| 001 |
misc13239 |
| 005 |
20191106141446.0 |
| 008 |
170607s1983 hu o 0|| hun d |
| 022 |
|
|
|a 0025-0260
|
| 040 |
|
|
|a SZTE Miscellanea Repozitórium
|b hun
|
| 041 |
|
|
|a hun
|
| 100 |
1 |
|
|a Kiss Ernő
|
| 245 |
1 |
0 |
|a Pályaválasztás - pályakorrekció - tanácsadás
|h [elektronikus dokumentum] /
|c Kiss Ernő
|
| 260 |
|
|
|c 1983
|
| 300 |
|
|
|a 51-60
|
| 490 |
0 |
|
|a Magyar pedagógia : a Magyar Tudományos Akadémia Pedagógiai Bizottságának folyóirata
|v 83 No. 1
|
| 695 |
|
|
|a Pályaválasztás középiskola, Pályaválasztás
|
| 700 |
0 |
1 |
|a Völgyesy Pál
|e aut
|
| 856 |
4 |
0 |
|u http://misc.bibl.u-szeged.hu/13239/1/mp_1983_001_5647_051-060.pdf
|z Dokumentum-elérés
|